[Event "Ste Foy Morphy"]
[Site "Ste Foy"]
[Date "2017.02.25"]
[Round "1"]
[White "Bouffard, Jonathan"]
[Black "Lessard, Claude"]
[Result "0-1"]
[WhiteElo "1734"]
[BlackElo "2155"]
[PlyCount "50"]
[EventDate "2017.02.25"]
[EventType "swiss"]
[EventRounds "5"]
[EventCountry "CAN"]
[SourceTitle "EXT 2022"]
[Source "ChessBase"]
[SourceDate "2021.10.06"]
[SourceVersion "1"]
[SourceVersionDate "2021.10.06"]
[SourceQuality "1"]

1. e4 c6 2. d4 d5 3. Nc3 dxe4 4. Nxe4 Nf6 5. Nxf6+ exf6 6. Nf3 Bd6 7. Bd3 0-0 8. 0-0 Bg4 9. h3 Bh5 10. Be3 Nd7 11. c3 Qc7 12. Re1 Rfe8 13. Be2 Nb6 14. Nh4 Bxe2 15. Qxe2 Nd5 16. Qg4 g6 17. Bd2 Bf4 18. Bxf4 Nxf4 19. Qd1 Rxe1+ 20. Qxe1 Kf8 21. Qd2 Re8 22. Re1 Rxe1+ 23. Qxe1 Qd7 24. Qe3 g5 25. b3 Nd5 0-1